<?xml version="1.0" encoding="UTF-8"?>
<marc:record xmlns:marc="http://www.loc.gov/MARC21/slim">
   <marc:leader>00000nam a2200000 a 4500</marc:leader>
   <marc:datafield ind1="1" ind2=" " tag="100">
      <marc:subfield code="a">Nieländer, Peter</marc:subfield>
      <marc:subfield code="4">aut</marc:subfield>
      <marc:subfield code="e">Verfasser/-in</marc:subfield>
   </marc:datafield>
   <marc:datafield ind1="0" ind2="0" tag="245">
      <marc:subfield code="a">Die Müllabfuhr</marc:subfield>
   </marc:datafield>
   <marc:datafield ind1="0" ind2="0" tag="245">
      <marc:subfield code="c">[Ill. und Text] Peter Nieländer</marc:subfield>
   </marc:datafield>
   <marc:datafield ind1=" " ind2="1" tag="264">
      <marc:subfield code="a">Ravensburg</marc:subfield>
      <marc:subfield code="b">Ravensburger Buchverl.</marc:subfield>
      <marc:subfield code="c">2006</marc:subfield>
   </marc:datafield>
   <marc:datafield ind1="1" ind2=" " tag="490">
      <marc:subfield code="a">Wieso? Weshalb? Warum? : Junior</marc:subfield>
      <marc:subfield code="v">16</marc:subfield>
   </marc:datafield>
   <marc:datafield ind1="1" ind2=" " tag="520">
      <marc:subfield code="a">Wer arbeitet bei der Müllabfuhr? Welche Fahrzeuge reinigen die Straße? Wie werden Mülltonnen geleert? Und wohin kommt der Abfall danach? Mithilfe von Klappen und detailgenauen Bildern werden Müllabfuhr und Wertstoffhof in diesem Buch für Kinder lebendig. Dabei erfahren sie, welchen Müll es gibt und wie man ihn vermeiden kann. Denn auch die Kleinsten können bereits einen Beitrag dazu leisten, Abfälle richtig zu trennen oder Müll sinnvoll zu verwerten. (Verlagstext)</marc:subfield>
   </marc:datafield>
   <marc:datafield ind1=" " ind2=" " tag="020">
      <marc:subfield code="a">3473327581</marc:subfield>
      <marc:subfield code="9">3473327581</marc:subfield>
   </marc:datafield>
   <marc:datafield ind1=" " ind2=" " tag="300">
      <marc:subfield code="a">[14] S. : überw. Ill.; m. zahlr. Klappelementen</marc:subfield>
   </marc:datafield>
</marc:record>
